[Event "DVM U16 2021"]
[Site "Kiel GER"]
[Date "2022.07.25"]
[Round "6"]
[White "Ho, Ngoc Hai-Dang"]
[Black "Duduka, Artem"]
[Result "1-0"]
[Termination "normal"]
[Board "3.3"]
[WhiteElo "1826"]
[BlackElo "1566"]
[WhiteClock "00:29:33"]
[BlackClock "00:48:59"]
[WhiteTeam "SV Mattnetz Berlin e.V."]
[BlackTeam "Schachfreunde Nordost Berlin"]
[PlyCount "95"]
[WhiteFideId "16206509"]
[BlackFideId "14194805"]
[EventCountry "GER"]
[EventRounds "7"]
[EventType "team-swiss"]
[EventDate "2022.07.22"]

1. e4 {[%clk 01:30:57]} {[%emt 00:00:02]} e5 {[%clk 01:30:43]} {[%emt
00:00:17]} 2. Nf3 {[%clk 01:31:21]} {[%emt 00:00:06]} Nc6 {[%clk 01:31:01]}
{[%emt 00:00:13]} 3. Bc4 {[%clk 01:31:43]} {[%emt 00:00:08]} Be7 {[%clk
01:31:24]} {[%emt 00:00:07]} 4. c3 {[%clk 01:32:05]} {[%emt 00:00:07]} Nf6
{[%clk 01:31:46]} {[%emt 00:00:08]} 5. d3 {[%clk 01:32:25]} {[%emt 00:00:10]}
O-O {[%clk 01:31:35]} {[%emt 00:00:40]} 6. O-O {[%clk 01:32:25]} {[%emt
00:00:31]} d5 {[%clk 01:31:37]} {[%emt 00:00:28]} 7. exd5 {[%clk 01:32:45]}
{[%emt 00:00:11]} Nxd5 {[%clk 01:31:59]} {[%emt 00:00:08]} 8. Re1 {[%clk
01:30:39]} {[%emt 00:02:35]} Bg4 {[%clk 01:31:42]} {[%emt 00:00:46]} 9. Nbd2
{[%clk 01:29:06]} {[%emt 00:02:04]} a6 {[%clk 01:27:30]} {[%emt 00:04:42]} 10.
h3 {[%clk 01:23:24]} {[%emt 00:06:12]} Bh5 {[%clk 01:27:01]} {[%emt 00:00:58]}
11. Ne4 {[%clk 01:18:53]} {[%emt 00:05:02]} Kh8 {[%clk 01:20:20]} {[%emt
00:07:11]} 12. Ng3 {[%clk 01:15:11]} {[%emt 00:04:12]} Bg6 {[%clk 01:14:28]}
{[%emt 00:06:22]} 13. Nxe5 {[%clk 01:13:24]} {[%emt 00:02:17]} Nxe5 {[%clk
01:14:49]} {[%emt 00:00:09]} 14. Rxe5 {[%clk 01:13:50]} {[%emt 00:00:04]} Nb6
{[%clk 01:15:06]} {[%emt 00:00:12]} 15. Re1 {[%clk 01:12:01]} {[%emt 00:02:20]}
Nxc4 {[%clk 01:14:51]} {[%emt 00:00:46]} 16. dxc4 {[%clk 01:12:24]} {[%emt
00:00:07]} Bf6 {[%clk 01:12:35]} {[%emt 00:02:45]} 17. Bf4 {[%clk 01:09:13]}
{[%emt 00:03:41]} c6 {[%clk 01:10:46]} {[%emt 00:02:19]} 18. Qb3 {[%clk
01:01:53]} {[%emt 00:07:50]} b5 {[%clk 01:09:09]} {[%emt 00:02:07]} 19. Rad1
{[%clk 01:00:23]} {[%emt 00:02:00]} Qb6 {[%clk 01:07:12]} {[%emt 00:02:26]} 20.
c5 {[%clk 00:58:16]} {[%emt 00:02:38]} Qb7 {[%clk 01:05:37]} {[%emt 00:02:05]}
21. Ne4 {[%clk 00:54:31]} {[%emt 00:04:15]} Bxe4 {[%clk 01:05:04]} {[%emt
00:01:02]} 22. Rxe4 {[%clk 00:54:50]} {[%emt 00:00:12]} Rfe8 {[%clk 01:04:26]}
{[%emt 00:01:07]} 23. Rde1 {[%clk 00:53:59]} {[%emt 00:01:23]} Qd7 {[%clk
01:03:55]} {[%emt 00:00:57]} 24. Bd6 {[%clk 00:52:24]} {[%emt 00:02:08]} Rxe4
{[%clk 01:01:39]} {[%emt 00:02:47]} 25. Rxe4 {[%clk 00:52:47]} {[%emt
00:00:07]} Re8 {[%clk 01:01:58]} {[%emt 00:00:10]} 26. Qc2 {[%clk 00:53:00]}
{[%emt 00:00:17]} Re6 {[%clk 01:01:35]} {[%emt 00:00:52]} 27. Qe2 {[%clk
00:48:50]} {[%emt 00:04:41]} Qe8 {[%clk 00:59:48]} {[%emt 00:02:14]} 28. Rxe6
{[%clk 00:45:47]} {[%emt 00:03:35]} Qxe6 {[%clk 01:00:12]} {[%emt 00:00:06]}
29. Qxe6 {[%clk 00:44:17]} {[%emt 00:02:01]} fxe6 {[%clk 01:00:39]} {[%emt
00:00:04]} 30. Kf1 {[%clk 00:40:03]} {[%emt 00:04:43]} b4 {[%clk 00:59:51]}
{[%emt 00:01:18]} 31. cxb4 {[%clk 00:40:02]} {[%emt 00:00:32]} Bxb2 {[%clk
01:00:11]} {[%emt 00:00:09]} 32. Bc7 {[%clk 00:40:17]} {[%emt 00:00:15]} Kg8
{[%clk 01:00:18]} {[%emt 00:00:22]} 33. Ke2 {[%clk 00:39:00]} {[%emt 00:01:48]}
Kf7 {[%clk 01:00:27]} {[%emt 00:00:20]} 34. Kd3 {[%clk 00:38:56]} {[%emt
00:00:34]} e5 {[%clk 00:59:57]} {[%emt 00:01:01]} 35. a4 {[%clk 00:36:16]}
{[%emt 00:03:09]} Ke6 {[%clk 00:59:46]} {[%emt 00:00:41]} 36. Kc4 {[%clk
00:31:02]} {[%emt 00:05:45]} e4 {[%clk 00:54:42]} {[%emt 00:05:34]} 37. Bf4
{[%clk 00:31:01]} {[%emt 00:00:31]} h6 {[%clk 00:53:07]} {[%emt 00:02:04]} 38.
b5 {[%clk 00:29:41]} {[%emt 00:01:51]} cxb5+ {[%clk 00:53:16]} {[%emt
00:00:22]} 39. axb5 {[%clk 00:30:03]} {[%emt 00:00:08]} axb5+ {[%clk 00:53:44]}
{[%emt 00:00:02]} 40. Kxb5 {[%clk 00:30:23]} {[%emt 00:00:09]} g5 {[%clk
00:53:58]} {[%emt 00:00:16]} 41. Be3 {[%clk 00:30:31]} {[%emt 00:00:22]} Kd7
{[%clk 00:48:46]} {[%emt 00:05:41]} 42. c6+ {[%clk 00:30:00]} {[%emt 00:01:01]}
Kc7 {[%clk 00:47:36]} {[%emt 00:01:41]} 43. Bb6+ {[%clk 00:30:07]} {[%emt
00:00:23]} Kc8 {[%clk 00:48:03]} {[%emt 00:00:03]} 44. Kc4 {[%clk 00:29:43]}
{[%emt 00:00:55]} h5 {[%clk 00:47:57]} {[%emt 00:00:35]} 45. Kd5 {[%clk
00:29:32]} {[%emt 00:00:41]} Bf6 {[%clk 00:48:12]} {[%emt 00:00:12]} 46. Kxe4
{[%clk 00:29:40]} {[%emt 00:00:25]} h4 {[%clk 00:48:35]} {[%emt 00:00:07]} 47.
Kf5 {[%clk 00:29:48]} {[%emt 00:00:23]} Be7 {[%clk 00:48:59]} {[%emt 00:00:05]}
48. Be3 {[%clk 00:29:33]} {[%emt 00:00:45]} 1-0

[Event "DVM U16 2021"]
[Site "Kiel GER"]
[Date "2022.07.25"]
[Round "6"]
[White "Beck, Felix"]
[Black "Schauties, Nico Antonio"]
[Result "1/2-1/2"]
[Termination "normal"]
[Board "3.4"]
[WhiteElo "1501"]
[BlackElo "1818"]
[WhiteClock "00:01:50"]
[BlackClock "00:05:01"]
[WhiteTeam "Schachfreunde Nordost Berlin"]
[BlackTeam "SV Mattnetz Berlin e.V."]
[PlyCount "88"]
[WhiteFideId "16255364"]
[BlackFideId "16206371"]
[EventCountry "GER"]
[EventRounds "7"]
[EventType "team-swiss"]
[EventDate "2022.07.22"]

1. c4 {[%clk 01:30:59]} {[%emt 00:00:02]} e5 {[%clk 01:31:23]} 2. g3 {[%clk
01:31:19]} Be7 {[%clk 01:31:34]} 3. Bg2 {[%clk 01:31:41]} f5 {[%clk 01:31:02]}
4. Nc3 {[%clk 01:31:55]} Nf6 {[%clk 01:30:52]} 5. e3 {[%clk 01:31:51]} O-O
{[%clk 01:30:31]} 6. Nge2 {[%clk 01:31:07]} c6 {[%clk 01:29:31]} 7. d4 {[%clk
01:30:11]} d6 {[%clk 01:28:16]} 8. O-O {[%clk 01:27:20]} Qe8 {[%clk 01:20:56]}
9. b4 {[%clk 01:12:16]} e4 {[%clk 01:03:19]} 10. Qb3 {[%clk 00:58:58]} Qf7
{[%clk 00:59:10]} 11. d5 {[%clk 00:54:49]} cxd5 {[%clk 00:58:44]} 12. cxd5
{[%clk 00:51:51]} Nbd7 {[%clk 00:48:33]} 13. f3 {[%clk 00:45:41]} exf3 {[%clk
00:48:23]} 14. Bxf3 {[%clk 00:44:45]} Ne5 {[%clk 00:48:06]} 15. Bg2 {[%clk
00:40:47]} h5 {[%clk 00:41:07]} 16. Nd4 {[%clk 00:34:34]} h4 {[%clk 00:33:53]}
17. Nce2 {[%clk 00:11:05]} Qh5 {[%clk 00:27:56]} 18. Nf3 {[%clk 00:04:32]}
Nxf3+ {[%clk 00:28:19]} 19. Bxf3 {[%clk 00:04:55]} Qh7 {[%clk 00:25:08]} 20.
Qc2 {[%clk 00:04:32]} Bd7 {[%clk 00:20:42]} 21. Qd3 {[%clk 00:04:25]} a6 {[%clk
00:21:04]} 22. a4 {[%clk 00:04:14]} Ne4 {[%clk 00:14:36]} 23. Kg2 {[%clk
00:03:40]} Bf6 {[%clk 00:14:17]} 24. Ra2 {[%clk 00:03:14]} Be5 {[%clk
00:12:10]} 25. Nf4 {[%clk 00:03:08]} g5 {[%clk 00:08:02]} 26. Ne6 {[%clk
00:02:36]} Bxe6 {[%clk 00:07:58]} 27. dxe6 {[%clk 00:03:05]} hxg3 {[%clk
00:08:16]} 28. hxg3 {[%clk 00:03:21]} Bxg3 {[%clk 00:07:22]} 29. Kg1 {[%clk
00:02:35]} Rac8 {[%clk 00:05:40]} 30. Bxe4 {[%clk 00:02:58]} fxe4 {[%clk
00:05:53]} {[%emt 03:22:21]} 31. Rxf8+ {[%clk 00:03:14]} Rxf8 {[%clk 00:05:58]}
32. Qd5 {[%clk 00:02:33]} Qe7 {[%clk 00:05:33]} 33. Rg2 {[%clk 00:02:17]} Bh4
{[%clk 00:05:51]} 34. Qxe4 {[%clk 00:01:48]} Qh7 {[%clk 00:05:24]} 35. Qd5
{[%clk 00:01:30]} Qe7 {[%clk 00:05:46]} 36. e4 {[%clk 00:00:47]} Kh7 {[%clk
00:05:13]} 37. Bxg5 {[%clk 00:01:15]} Bxg5 {[%clk 00:05:35]} 38. Rxg5 {[%clk
00:01:19]} Qxg5+ 39. Qxg5 {[%emt 00:10:35]} Rg8 {[%clk 00:05:19]} 40. Qxg8+
{[%clk 00:02:18]} Kxg8 {[%clk 00:05:26]} 41. Kf2 {[%clk 00:02:25]} Kf8 {[%clk
00:05:38]} 42. Ke3 {[%clk 00:02:42]} Ke7 {[%clk 00:06:00]} 43. Kd4 {[%clk
00:02:52]} Kxe6 {[%clk 00:05:01]} 44. a5 {[%clk 00:01:50]} Ke7 1/2-1/2

[Event "DVM U16 2021"]
[Site "Kiel GER"]
[Date "2022.07.25"]
[Round "6"]
[White "Herter, Arne"]
[Black "Rose, Daniel"]
[Result "1/2-1/2"]
[Termination "normal"]
[Board "4.1"]
[WhiteElo "1951"]
[BlackElo "1973"]
[WhiteClock "00:23:54"]
[BlackClock "00:23:10"]
[WhiteTeam "Schachzwerge Magdeburg"]
[BlackTeam "SV Königsjäger Süd-West e.V."]
[PlyCount "92"]
[WhiteFideId "16255372"]
[BlackFideId "16242963"]
[EventCountry "GER"]
[EventRounds "7"]
[EventType "team-swiss"]
[EventDate "2022.07.22"]

1. e4 {[%clk 01:30:59]} {[%emt 00:00:02]} e6 {[%clk 01:30:54]} {[%emt
00:00:07]} 2. d4 {[%clk 01:31:24]} {[%emt 00:00:05]} d5 {[%clk 01:31:18]}
{[%emt 00:00:06]} 3. Nd2 {[%clk 01:31:43]} {[%emt 00:00:11]} dxe4 {[%clk
01:31:37]} {[%emt 00:00:11]} 4. Nxe4 {[%clk 01:32:00]} {[%emt 00:00:13]} Nf6
{[%clk 01:32:03]} {[%emt 00:00:04]} 5. Nxf6+ {[%clk 01:30:28]} {[%emt
00:02:03]} gxf6 {[%clk 01:32:28]} {[%emt 00:00:06]} 6. Nf3 {[%clk 01:28:08]}
{[%emt 00:02:49]} Nc6 {[%clk 01:32:52]} {[%emt 00:00:05]} 7. c3 {[%clk
01:23:40]} {[%emt 00:04:58]} Qd6 {[%clk 01:31:55]} {[%emt 00:01:27]} 8. Be3
{[%clk 01:18:31]} {[%emt 00:05:39]} Bd7 {[%clk 01:31:51]} {[%emt 00:00:34]} 9.
Be2 {[%clk 01:11:36]} {[%emt 00:07:25]} O-O-O {[%clk 01:30:20]} {[%emt
00:02:01]} 10. O-O {[%clk 01:10:59]} {[%emt 00:01:07]} Ne7 {[%clk 01:25:41]}
{[%emt 00:05:08]} 11. b4 {[%clk 00:57:51]} {[%emt 00:13:38]} Nf5 {[%clk
01:23:19]} {[%emt 00:02:52]} 12. Bd2 {[%clk 00:54:14]} {[%emt 00:04:07]} e5
{[%clk 01:18:41]} {[%emt 00:05:09]} 13. dxe5 {[%clk 00:52:33]} {[%emt
00:02:11]} fxe5 {[%clk 01:18:55]} {[%emt 00:00:15]} 14. Qc2 {[%clk 00:51:34]}
{[%emt 00:01:29]} Rg8 {[%clk 01:11:34]} {[%emt 00:07:52]} 15. Bd3 {[%clk
00:43:48]} {[%emt 00:08:15]} Ne7 {[%clk 00:53:28]} {[%emt 00:18:35]} 16. Bxh7
{[%clk 00:29:38]} {[%emt 00:14:40]} Rh8 {[%clk 00:53:41]} {[%emt 00:00:18]} 17.
Rfd1 {[%clk 00:29:04]} {[%emt 00:01:04]} f6 {[%clk 00:37:09]} {[%emt 00:17:02]}
18. Be3 {[%clk 00:17:42]} {[%emt 00:11:53]} Qe6 {[%clk 00:37:12]} {[%emt
00:00:27]} 19. Bd3 {[%clk 00:17:00]} {[%emt 00:01:12]} Bh6 {[%clk 00:24:38]}
{[%emt 00:13:04]} 20. Bc5 {[%clk 00:06:03]} {[%emt 00:11:26]} Bc6 {[%clk
00:13:49]} {[%emt 00:11:20]} 21. Be4 {[%clk 00:05:19]} {[%emt 00:01:15]} f5
{[%clk 00:13:10]} {[%emt 00:01:09]} 22. Bxc6 {[%clk 00:04:26]} {[%emt
00:01:23]} Nxc6 {[%clk 00:13:38]} {[%emt 00:00:02]} 23. Rxd8+ {[%clk 00:02:36]}
{[%emt 00:02:19]} Rxd8 {[%clk 00:14:01]} {[%emt 00:00:07]} 24. Re1 {[%clk
00:02:49]} {[%emt 00:00:18]} e4 {[%clk 00:05:41]} {[%emt 00:08:51]} 25. Nd4
{[%clk 00:02:50]} {[%emt 00:00:28]} Nxd4 {[%clk 00:06:09]} {[%emt 00:00:01]}
26. Bxd4 {[%clk 00:03:18]} {[%emt 00:00:02]} Qc4 {[%clk 00:04:48]} {[%emt
00:01:52]} 27. Qb3 {[%clk 00:01:31]} {[%emt 00:02:17]} Qxb3 {[%clk 00:04:39]}
{[%emt 00:00:39]} 28. axb3 {[%clk 00:02:00]} {[%emt 00:00:01]} b6 {[%clk
00:04:52]} {[%emt 00:00:17]} 29. Ra1 {[%clk 00:01:41]} {[%emt 00:00:49]} Kb7
{[%clk 00:04:49]} {[%emt 00:00:33]} 30. Kf1 {[%clk 00:00:48]} {[%emt 00:01:23]}
Bf8 {[%clk 00:04:52]} {[%emt 00:00:27]} 31. Ke2 {[%clk 00:00:46]} {[%emt
00:00:32]} Bxb4 {[%clk 00:05:14]} {[%emt 00:00:08]} 32. Bxb6 {[%clk 00:00:33]}
{[%emt 00:00:43]} Bxc3 {[%clk 00:05:23]} {[%emt 00:00:21]} 33. Rc1 {[%clk
00:00:51]} {[%emt 00:00:11]} Rd2+ {[%clk 00:04:19]} {[%emt 00:01:35]} 34. Kf1
{[%clk 00:00:47]} {[%emt 00:00:34]} axb6 {[%clk 00:04:30]} {[%emt 00:00:19]}
35. Rxc3 {[%clk 00:01:08]} {[%emt 00:00:09]} c5 {[%clk 00:03:45]} {[%emt
00:01:15]} 36. h4 {[%clk 00:01:03]} {[%emt 00:00:35]} Kc6 {[%clk 00:03:17]}
{[%emt 00:00:57]} 37. b4 {[%clk 00:00:53]} {[%emt 00:00:41]} Kd5 {[%clk
00:03:41]} {[%emt 00:00:06]} 38. bxc5 {[%clk 00:01:07]} {[%emt 00:00:16]} bxc5
{[%clk 00:04:07]} {[%emt 00:00:04]} 39. Rh3 {[%clk 00:01:02]} {[%emt 00:00:35]}
Ke5 {[%clk 00:02:58]} {[%emt 00:01:38]} 40. h5 {[%clk 00:00:45]} {[%emt
00:00:48]} Rd7 {[%clk 00:03:19]} {[%emt 00:00:08]} 41. Ke2 {[%clk 00:00:57]}
{[%emt 00:00:18]} Rh7 {[%clk 00:02:19]} {[%emt 00:01:30]} 42. Kd2 {[%clk
00:28:14]} {[%emt 00:03:13]} Kf4 {[%clk 00:27:02]} {[%emt 00:05:47]} 43. Kc3
{[%clk 00:23:34]} {[%emt 00:05:10]} Kg5 {[%clk 00:27:23]} {[%emt 00:00:09]} 44.
Kc4 {[%clk 00:23:32]} {[%emt 00:00:32]} Rxh5 {[%clk 00:27:51]} {[%emt
00:00:03]} 45. Rxh5+ {[%clk 00:23:34]} {[%emt 00:00:28]} Kxh5 {[%clk 00:28:19]}
{[%emt 00:00:02]} 46. Kxc5 {[%clk 00:23:54]} {[%emt 00:00:09]} f4 {[%clk
00:23:10]} {[%emt 00:05:40]} 1/2-1/2

[Event "DVM U16 2021"]
[Site "Kiel GER"]
[Date "2022.07.25"]
[Round "6"]
[White "Abed, Karim"]
[Black "Morgenstern, Tobias"]
[Result "1-0"]
[Termination "normal"]
[Board "4.2"]
[WhiteElo "1843"]
[BlackElo "1901"]
[WhiteClock "00:07:59"]
[BlackClock "00:04:08"]
[WhiteTeam "SV Königsjäger Süd-West e.V."]
[BlackTeam "Schachzwerge Magdeburg"]
[PlyCount "141"]
[WhiteFideId "16242785"]
[BlackFideId "12974390"]
[EventCountry "GER"]
[EventRounds "7"]
[EventType "team-swiss"]
[EventDate "2022.07.22"]

1. Nf3 {[%clk 01:30:49]} {[%emt 00:00:11]} c5 {[%clk 01:30:49]} {[%emt
00:00:12]} 2. g3 {[%clk 01:31:03]} {[%emt 00:00:16]} b6 {[%clk 01:31:13]}
{[%emt 00:00:06]} 3. Bg2 {[%clk 01:30:58]} {[%emt 00:00:35]} Bb7 {[%clk
01:31:37]} {[%emt 00:00:06]} 4. O-O {[%clk 01:30:29]} {[%emt 00:00:59]} Nf6
{[%clk 01:31:38]} {[%emt 00:00:29]} 5. b3 {[%clk 01:28:38]} {[%emt 00:02:21]}
g6 {[%clk 01:29:30]} {[%emt 00:02:37]} 6. c4 {[%clk 01:27:26]} {[%emt
00:01:43]} Bg7 {[%clk 01:29:33]} {[%emt 00:00:27]} 7. Bb2 {[%clk 01:27:04]}
{[%emt 00:00:52]} O-O {[%clk 01:29:24]} {[%emt 00:00:39]} 8. d4 {[%clk
01:25:27]} {[%emt 00:02:08]} d6 {[%clk 01:24:44]} {[%emt 00:05:10]} 9. Nc3
{[%clk 01:24:24]} {[%emt 00:01:33]} a6 {[%clk 01:24:37]} {[%emt 00:00:37]} 10.
Qd2 {[%clk 01:22:15]} {[%emt 00:02:39]} Qc7 {[%clk 01:23:46]} {[%emt 00:01:21]}
11. Rad1 {[%clk 01:18:53]} {[%emt 00:03:51]} Nbd7 {[%clk 01:21:02]} {[%emt
00:03:14]} 12. Rfe1 {[%clk 01:10:50]} {[%emt 00:08:33]} Ne4 {[%clk 01:09:04]}
{[%emt 00:12:28]} 13. Nxe4 {[%clk 01:02:37]} {[%emt 00:08:43]} Bxe4 {[%clk
01:07:41]} {[%emt 00:01:53]} 14. dxc5 {[%clk 00:59:05]} {[%emt 00:04:03]} Nxc5
{[%clk 01:06:30]} {[%emt 00:01:40]} 15. Bxg7 {[%clk 00:55:18]} {[%emt
00:04:17]} Kxg7 {[%clk 01:05:55]} {[%emt 00:01:05]} 16. Qd4+ {[%clk 00:55:22]}
{[%emt 00:00:26]} Kg8 {[%clk 01:06:18]} {[%emt 00:00:07]} 17. h4 {[%clk
00:41:38]} {[%emt 00:14:14]} h5 {[%clk 01:01:41]} {[%emt 00:05:07]} 18. Qe3
{[%clk 00:40:33]} {[%emt 00:01:36]} Bxf3 {[%clk 00:55:50]} {[%emt 00:06:20]}
19. Bxf3 {[%clk 00:39:27]} {[%emt 00:01:35]} Rac8 {[%clk 00:53:53]} {[%emt
00:02:27]} 20. Rd5 {[%clk 00:38:45]} {[%emt 00:01:13]} e5 {[%clk 00:51:14]}
{[%emt 00:03:09]} 21. Red1 {[%clk 00:37:04]} {[%emt 00:02:11]} Rcd8 {[%clk
00:50:41]} {[%emt 00:01:02]} 22. Qh6 {[%clk 00:32:02]} {[%emt 00:05:31]} Ne6
{[%clk 00:47:37]} {[%emt 00:03:35]} 23. R5d3 {[%clk 00:29:45]} {[%emt
00:02:47]} Qe7 {[%clk 00:42:57]} {[%emt 00:05:10]} 24. Bd5 {[%clk 00:26:44]}
{[%emt 00:03:31]} Qf6 {[%clk 00:42:45]} {[%emt 00:00:42]} 25. Bxe6 {[%clk
00:26:13]} {[%emt 00:01:02]} Qxe6 {[%clk 00:43:08]} {[%emt 00:00:07]} 26. Qe3
{[%clk 00:26:22]} {[%emt 00:00:21]} b5 {[%clk 00:37:17]} {[%emt 00:06:21]} 27.
cxb5 {[%clk 00:26:31]} {[%emt 00:00:21]} axb5 {[%clk 00:37:45]} {[%emt
00:00:02]} 28. Qb6 {[%clk 00:26:47]} {[%emt 00:00:14]} d5 {[%clk 00:37:53]}
{[%emt 00:00:21]} 29. Qxb5 {[%clk 00:26:21]} {[%emt 00:00:56]} d4 {[%clk
00:37:29]} {[%emt 00:00:55]} 30. e3 {[%clk 00:18:49]} {[%emt 00:08:02]} Rb8
{[%clk 00:32:50]} {[%emt 00:05:09]} 31. Qa5 {[%clk 00:18:11]} {[%emt 00:01:09]}
Ra8 {[%clk 00:30:55]} {[%emt 00:02:25]} 32. Qd2 {[%clk 00:18:21]} {[%emt
00:00:20]} dxe3 {[%clk 00:28:45]} {[%emt 00:02:40]} 33. Rxe3 {[%clk 00:17:53]}
{[%emt 00:00:57]} Ra3 {[%clk 00:20:33]} {[%emt 00:08:42]} 34. Qe2 {[%clk
00:14:46]} {[%emt 00:03:39]} Qf6 {[%clk 00:15:56]} {[%emt 00:05:06]} 35. Rd2
{[%clk 00:13:21]} {[%emt 00:01:55]} Ra5 {[%clk 00:10:31]} {[%emt 00:05:55]} 36.
b4 {[%clk 00:12:41]} {[%emt 00:01:11]} Ra4 {[%clk 00:10:02]} {[%emt 00:00:58]}
37. Rb2 {[%clk 00:12:28]} {[%emt 00:00:42]} Re8 {[%clk 00:08:41]} {[%emt
00:01:52]} 38. b5 {[%clk 00:11:57]} {[%emt 00:01:01]} Rc8 {[%clk 00:03:19]}
{[%emt 00:05:52]} 39. Qf3 {[%clk 00:03:11]} {[%emt 00:09:16]} Rc1+ {[%clk
00:03:01]} {[%emt 00:00:48]} 40. Kg2 {[%clk 00:02:54]} {[%emt 00:00:46]} Qb6
{[%clk 00:00:37]} {[%emt 00:02:55]} 41. Rc3 {[%clk 00:28:17]} {[%emt 00:05:07]}
Rc4 {[%clk 00:28:48]} {[%emt 00:02:18]} 42. Rxc4 {[%clk 00:26:44]} {[%emt
00:02:03]} Rxc4 {[%clk 00:29:10]} {[%emt 00:00:08]} 43. Qd1 {[%clk 00:26:21]}
{[%emt 00:00:54]} Rd4 {[%clk 00:28:03]} {[%emt 00:01:37]} 44. Qc2 {[%clk
00:25:19]} {[%emt 00:01:33]} Qb7+ {[%clk 00:26:28]} {[%emt 00:02:04]} 45. Qc6
{[%clk 00:25:28]} {[%emt 00:00:20]} Qxc6+ {[%clk 00:23:21]} {[%emt 00:03:38]}
46. bxc6 {[%clk 00:25:51]} {[%emt 00:00:07]} Rc4 {[%clk 00:23:44]} {[%emt
00:00:06]} 47. Rb6 {[%clk 00:26:02]} {[%emt 00:00:20]} Kf8 {[%clk 00:21:04]}
{[%emt 00:03:09]} 48. a4 {[%clk 00:23:11]} {[%emt 00:03:22]} Ke7 {[%clk
00:20:25]} {[%emt 00:01:09]} 49. a5 {[%clk 00:23:32]} {[%emt 00:00:09]} Kd6
{[%clk 00:19:16]} {[%emt 00:01:38]} 50. a6 {[%clk 00:23:42]} {[%emt 00:00:21]}
e4 {[%clk 00:09:41]} {[%emt 00:10:04]} 51. a7 {[%clk 00:23:18]} {[%emt
00:00:54]} Ra4 {[%clk 00:09:45]} {[%emt 00:00:27]} 52. Rb7 {[%clk 00:23:46]}
{[%emt 00:00:02]} Kxc6 {[%clk 00:10:02]} {[%emt 00:00:12]} 53. Rxf7 {[%clk
00:24:07]} {[%emt 00:00:09]} Kd5 {[%clk 00:10:14]} {[%emt 00:00:17]} 54. Kf1
{[%clk 00:22:13]} {[%emt 00:02:25]} Ke6 {[%clk 00:08:28]} {[%emt 00:02:16]} 55.
Rb7 {[%clk 00:21:45]} {[%emt 00:00:57]} Kf5 {[%clk 00:08:01]} {[%emt 00:00:58]}
56. Ke2 {[%clk 00:19:38]} {[%emt 00:02:37]} Ra3 {[%clk 00:08:26]} {[%emt
00:00:06]} 57. Kd2 {[%clk 00:19:12]} {[%emt 00:00:56]} Kg4 {[%clk 00:08:24]}
{[%emt 00:00:31]} 58. Rf7 {[%clk 00:14:42]} {[%emt 00:05:00]} Ra5 {[%clk
00:04:41]} {[%emt 00:04:14]} 59. Ke3 {[%clk 00:13:49]} {[%emt 00:01:22]} Ra4
{[%clk 00:04:54]} {[%emt 00:00:17]} 60. f3+ {[%clk 00:09:05]} {[%emt 00:05:14]}
Kxg3 {[%clk 00:03:06]} {[%emt 00:02:18]} 61. fxe4 {[%clk 00:09:14]} {[%emt
00:00:22]} Ra3+ {[%clk 00:02:47]} {[%emt 00:00:49]} 62. Kd2 {[%clk 00:07:55]}
{[%emt 00:01:49]} Ra2+ {[%clk 00:02:53]} {[%emt 00:00:24]} 63. Kc3 {[%clk
00:08:04]} {[%emt 00:00:21]} Kxh4 {[%clk 00:03:14]} {[%emt 00:00:09]} 64. e5
{[%clk 00:08:15]} {[%emt 00:00:20]} g5 {[%clk 00:03:18]} {[%emt 00:00:26]} 65.
e6 {[%clk 00:08:30]} {[%emt 00:00:15]} g4 {[%clk 00:03:25]} {[%emt 00:00:22]}
66. e7 {[%clk 00:08:18]} {[%emt 00:00:42]} Rxa7 {[%clk 00:03:42]} {[%emt
00:00:13]} 67. e8=Q {[%clk 00:08:47]} {[%emt 00:00:01]} Rxf7 {[%clk 00:03:59]}
{[%emt 00:00:13]} 68. Qxf7 {[%clk 00:09:16]} {[%emt 00:00:02]} g3 {[%clk
00:03:56]} {[%emt 00:00:32]} 69. Qf1 {[%clk 00:08:27]} {[%emt 00:01:19]} g2
{[%clk 00:03:55]} {[%emt 00:00:31]} 70. Qf2+ {[%clk 00:08:01]} {[%emt
00:00:55]} Kh3 {[%clk 00:04:08]} {[%emt 00:00:17]} 71. Kd3 {[%clk 00:07:59]}
{[%emt 00:00:31]} 1-0